000 00625cam a22002052 4500
001 0000007174
005 20151217154401.0
008 071126s xx 000 0 eng d
020 _a8120310411 :
_cKES 980
040 _aKABU
_cKABU
100 1 _aBlack, Uyless.
_@0000158261
245 1 0 _aComputer networks :
_bprotocols, standards, and interfaces /
_cUyless Black.
250 _a2nd ed.
260 _aNew Delhi :
_bPrentice-Hall of India,
_c1993.
300 _axii, 436 p.
650 0 _aComputer networks.
_@0000148214
908 _a071126
950 _@1
999 _c10922
_d10922